Slovo /

Hlavní autor: Válek, Miroslav, 1927-1991
Jazyk: Ukrajinština
Vydáno: Bratislava : Slovac'ke pedahohične vydavnyctvo, 1981
Vydání: 1. vyd.
Fyzický popis: 98 s. ; 8°
Knihy
Uloženo v:
LEADER 00757nam a22002172a 4500
001 001118867
003 CZ BrMZK
005 20110418113804.0
007 ta
008 100929s1981 xo er|||||||||||ukr d
040 |a ABA001  |b cze  |c ABA001  |d ABA001  |d BOA001 
041 1 |a ukr  |h slo 
100 1 |a Válek, Miroslav,  |d 1927-1991  |7 jn19990209975  |4 aut 
245 1 0 |a Slovo /  |c Miroslav Válek ; pereklad Larysy Mol'nar ; chudožne oformlennja Hanny Cuper ; vstup. slovo Stanislava Šmatlaka 
250 |a 1. vyd. 
260 |a Bratislava :  |b Slovac'ke pedahohične vydavnyctvo,  |c 1981 
300 |a 98 s. ;  |c 8° 
910 |a BOA001  |b 2-0844.136 
990 |a BK 
991 |b 201009 
996 7 |b 2619349161  |c 2-0844.136  |l MZK  |r Sklad / do 1 hodiny  |n 1  |w 001146593  |u 000010  |a 1  |e BOA001  |j MZK50  |s A